000 00549nam a2200205Ia 4500
003 OSt
005 20230507204235.0
008 210423s1999 xx 000 0 und d
040 _cAL
041 _aeng
082 _a338.954
_223
_bKRIP
100 _aKRISHNAJE (N);KRISHNAN (T N)
_999599
245 _aPublic support for food security
260 _aNew Delhi
_bResponse Books
_c1999
365 _b475
_cINR
650 _aEconomics
_999600
650 _aIndian Economy
_999601
906 _afood ; Public ; security ; support
942 _2ddc
_cBK
999 _c171445
_d171445